EPIC : The Musical - Charybdis - Statistics

General Stats
  • This quiz has been taken 88 times
  • The average score is 164 of 177
Answer Stats
Hint Answer % Correct
a
100%
and
100%
Odysseus you
100%
dying
98%
fighting
98%
have
98%
here
98%
Hermes
98%
i
98%
i'm
98%
it
98%
no
98%
no!
98%
not
98%
on
98%
so
98%
the
98%
to
98%
be
96%
just
96%
mentioned
96%
must
96%
my
96%
see
96%
still
96%
who
96%
block
94%
bring
94%
don't
94%
even
94%
if
94%
island
94%
i've
94%
monster
94%
much
94%
oh
94%
say
94%
there
94%
way
94%
what?
94%
your
94%
are
91%
end
91%
for
91%
hold
91%
holding
91%
i'd
91%
i'll
91%
kill
91%
out
91%
searching
91%
son
91%
this
91%
when
91%
wife
91%
almost
89%
am
89%
avoid
89%
been
89%
destroy
89%
hurry
89%
in
89%
love
89%
of
89%
scared
89%
that
89%
then
89%
these
89%
up
89%
you're
89%
already
87%
attack
87%
breath
87%
but
87%
cause
87%
home
87%
know
87%
like
87%
past
87%
Penelope
87%
reached
87%
shores
87%
'til
87%
today
87%
will
87%
with
87%
all
85%
beaten
85%
disadvantage
85%
left
85%
nothing
85%
spit
85%
swallow
85%
there's
85%
tactics
83%
through
81%
clear
79%
water
79%
soon
77%
whirlpools
77%
attract
72%
prey
66%
oh,oh
11%
No matching quizzes found
Score Distribution
Percent of People with Each Score
Percentile by Number Answered
Your Score History
You have not taken this quiz